00000000nam##2200000za#4500
0019.611196
003CaOODSP
00520220111083409
007ta
008150406|1994||||xxc|||||     f|0| 0 eng|d
020 |a0-662-22208-3
022 |a1713-0638
040 |aCaOODSP|beng
043 |an-cn---
0861 |aNE22-1/1994-4E
1101 |aCanada. |bNational Energy Board.
24510|aIn the matter of InterCoastal Pipe Line Inc. and Interprovincial Pipe Line Inc. : |bapplications dated 29 June 1993, as amended 29 October 1993, for new and converted facilities in southwestern Ontario
260 |aCalgary - Alberta : |bNational Energy Board |cApril, 1994.
300 |ax, 113p. : |bfigs. ; |c28 cm.
4901 |aReasons for decision|x1713-0638
563 |aSoftcover
69007|aPetroleum industry|2gcpds
77508|tInterCoastal Pipe Line Inc. et Interprovincial Pipe Line Inc. : |w(CaOODSP)9.622677
7760#|tReasons for decision in the matter of Intercoastal Pipe Line Inc. and Interprovincial Pipe Line Inc. : |w(CaOODSP)9.572456
830#0|aReasons for decision (Canada. National Energy Board)|x1713-0638|w(CaOODSP)9.514808
986 |aGH-4-93